| 000 | 00381 a2200109 4500 | ||
|---|---|---|---|
| 001 | ART_24064 | ||
| 005 | 20260410161934.0 | ||
| 008 | 260409a | ||
| 245 | 1 | 0 | _aRevaluación de la teoría de la División Internacional del Trabajo |
| 100 | 1 | _aDi Tella, Guido | |
| 773 | 0 |
_tRevista de Economía Política de Buenos Aires _g- Año 2, Vol. 3/4 (nov. 2008) _wREV23982 |
|
| 999 |
_c28830 _d28830 |
||